000 00379 a2200157 4500
001 169079
020 _a
040 _cMagnum
100 _aFranchi, Egle Pontes
240 1 0 _aPedagogia da alfabetizacao: da oralidade a escrita
_lpor
245 1 0 _aPedagogia da alfabetizacao: da oralidade a escrita
362 0 _a1899
440 1 _aCortez
697 _aENSINO
942 _cBK
999 _c169079
_d169079